000 00623nam a2200181 a 4500
008 120416s1979 ||||||||||||||||| || u
050 _aHF 5667 Coo
100 _aGough, C. Brandon
245 1 0 _aStudent's Manual of auditing
_cedited by C. Brandon Gough
250 _a2nd. ed.
260 _aLondon
_bGee
_c1979
300 _axxxii, 620p. : ill.
350 _a0.00
650 _aAUDITING--HANDBOOKS, MANUALS, ETC
650 _aAUDITING
700 _aCooper, Vivian R. V
995 _D0.00
_FCBU-MAIN LIBRARY (Kitwe)
_H1
_I0.00
_M1
_UDAMAGED
_ZMain Library Open Access Collection
999 _c58769
_d58769